000 00776cam a2200241 i 4500
999 _c331627
_d331627
001 2786430
003 NUST
005 20171009154521.0
008 810109s1979 pk b 000 0 urdo
010 _a 80930607
020 _cHbk
040 _aDLC
_cDLC
_dDLC
043 _aa-pk---
050 0 0 _aDS392.B28
_bN37
082 _a954.912
_bMAR
100 1 _aMari, Mir Khuda Bakhsh Bajarani,
_95316
245 1 0 _aBalūcistān tareekh kay aiany mein /
_cby Mir Khuda Bakhsh Bajarani Mari.
260 _aQuetta :
_bGosha adab,
_c1980.
300 _a592 p. ;
_c23 cm.
500 _aIn Urdu.
651 0 _aBalochistān (Pakistan)
_xPolitics and government.
_93937
880 _6100-01\(3\r
_aمیر خدا بخش بجارانی مری
880 _6245-02\(3\r
_aبلوچستان:
_bتاریخ کے آئینے میں
_cمیر خدا بخش بجارانی مری
880 _6260-03\(3\r
_aکوئٹہ:
_bگوشہ ادب،
_c1980
906 _a7
_bcbc
_corignew
_d4
_encip
_f19
_gy-gencatlg
942 _2ddc
_cBK